Privatisierung natürlicher Monopole Theorie und internationale Praxis am Beispiel Wasser und Abwasser
Guardado en:
| Autor principal: | |
|---|---|
| Formato: | Libro |
| Lenguaje: | alemán |
| Publicado: |
Wiesbaden
Gabler
1994
|
| Edición: | 1. Aufl. |
| Colección: | Neue Betriebswirtschaftliche Forschung
122 |
| Materias: | |
| Etiquetas: |
Sin Etiquetas, Sea el primero en etiquetar este registro!
|
MARC
| LEADER | 00000nam a2200000 4500 | ||
|---|---|---|---|
| 001 | c006271 | ||
| 005 | 20221205140941.6 | ||
| 020 | |a 3-409-13885-4 | ||
| 041 | 0 | |a ger | |
| 044 | |a DE | ||
| 245 | 1 | 0 | |a Privatisierung natürlicher Monopole |b Theorie und internationale Praxis am Beispiel Wasser und Abwasser |c Sabine Spelthahn |
| 250 | |a 1. Aufl. | ||
| 264 | 1 | |a Wiesbaden |b Gabler |c 1994 | |
| 300 | |a 244 s. | ||
| 490 | 1 | |a Neue Betriebswirtschaftliche Forschung |v 122 | |
| 830 | 0 | |a Neue Betriebswirtschaftliche Forschung |v 122 | |
| 610 | 2 | 0 | |a privatizácia |
| 610 | 2 | 0 | |a monopoly prirodzené |
| 610 | 2 | 0 | |a voda |
| 610 | 2 | 0 | |a franchising |
| 610 | 2 | 0 | |a konkurencia |
| 610 | 2 | 0 | |a voda odpadová |
| 610 | 2 | 0 | |a Nemecko |
| 610 | 2 | 0 | |a modely |
| 610 | 2 | 0 | |a regulácia hospodárska |
| 100 | 1 | |a Spelthahn, Sabine | |